00701nam a2200241 a 4500001001300000003000900013005001700022008004100039020001100080082001500091100001700106245003300123260003800156300000800194500003500202505003900237650002200276700001700298902000800315942000700323952011400330999001500444nice12345678IN_TiNIC20260116012649.0050524s1978 cana grp 000 0 eng  ac28.200a269.2bEVA aEvans, Simon aTurkeyb Impossible for God. aCanadabFellowship of Faithc1978 a20p aincludes index and biblioraphy2 aOriginal Text and Notes in English aEvangelistic Work1 aEvans, Simon bSRS cBK 001040708StackRoom-aHMIbHMId2007-07-13g28.20l0o269.2 EVAp010416r2007-07-13v28.20w2005-05-24yBK c7861d7861